| 000 | 00571nmm a2200181Ia 4500 | ||
|---|---|---|---|
| 008 | 251105s9999||||xx |||||||||||||||||und|| | ||
| 020 | _a9788417108151 | ||
| 041 | _aspa | ||
| 100 | _aAlbom, Mitch | ||
| 245 | 0 |
_aMartes con mi viejo profesor : _b Un testimonio sobre la vida, la amistad y el amor |
|
| 264 |
_a[Madrid, España] : _bMaeva Ediciones, _c1998 |
||
| 300 | _a0 páginas | ||
| 490 | _aMitch Albom | ||
| 650 | _aNorth American narrative | ||
| 700 | _a Pareja Rodríguez, Alejandro | ||
| 856 | _uhttps://public.digitaliapublishing.com/a/31617 | ||
| 942 | _cCF | ||
| 999 |
_c61758 _d61758 |
||